000 00374ntaaa2200157 4500
003 01
005 20251027201915.0
008 0714s1973 ag 01
040 _aAR-BaBN
_bspa
_cAR-BaBN
_eaacr
_dRIC
082 _a244.1000 V42
100 _aVaretto, Juan C.
_97850
245 _aAbraham, el patriarca
250 _a1 ed. :
_bLa Aurora,
_cc1949
300 _a83 p.
942 _cBK
999 _c13789
_d13789